000
00202 a2200109 4500
020
_a
978006176587
041
_a
eng
100
_a
Lisa Scottoline
245
_a
Legal Tender
942
_c
BK
952
_7
4
999
_c
16652
_d
16652